1129 1831 1830 1617 1013 1280 1633 1280 1850 1698 1045 1687 1006 1845 1676 1841 1653 1917 1315 1285 1187 1681 1183 1033 1136 1280 1112 1799 1558 1189 1324 1038 1702 1459 1489 1344 1308 1495 1987 1524 1259 1305 1771 1492 1748 1563 1712 1048 1556 1430 1250 1721 1800 1050 1745 1911 1379 1376 1320 1480 1549 1139 1644 1674 1695 1245 1878 1503 1182 1464 1128 1931 1591 1658 1174 1980 1180 1984 1307 1023 1761 1947 1234 1316 1003 1343 1155 1640 1581 1658 1435 1478 1757 1440 1118 1064 1732 1518 1460 BCNSPRNW ULIB Ver.6.0+V

เปลี่ยนเป็นภาษาไทย

Change to English
 แสดงรายละเอียดบรรณานุกรม
  กลับหน้าหลัก

Brief Record : Get Marc (ISO 2709) : E-mail record : QR code < ปิดหน้าต่าง
LEADER : 00000nam 2200000uu 4500
001    13399114284
003     ULIB
008    110411s||||||||th 000 0 tha d
020    9786161109806
060 04 WC100^bว237ค
100 0  วรยา เหลืองอ่อน
245 00 คู่มือการป้องกันควบคุมโรคติดต่ออุบัติใหม่สำหรับบุคลากรทางการแพทย์และสาธารณสุข/^cบรรณาธิการ : วรยา เหลืองอ่อน
260    นนทบุรี:^bสำนักโรคติดต่ออุบัติใหม่,^c2554
650  7 ไข้หวัดใหญ่สายพันธุ์ใหม่
650  7 โรคติดเชื้อเอนเทอโรไวรัส71
650  7 โรคติดต่อมือเท้าปาก
650  7 โรคระบบทางเดินหายใจ
710 1  กระทรวงสาธารณสุข.^bกรมควบคุมโรค.^bสำนักโรคติดต่ออุบัติใหม่.
945    ^p0^l0^i031330
945    ^p0^l0^i031331
945    ^p0^l0^i031332
995    ทศพร
999 ^a ใช้งานได้ทุกระบบ
รายการนี้ยังไม่มีแท็ก
คุณยังไม่ได้ล็อกอิน คุณสามารถมีกิจกรรมร่วมกับเว็บไซต์ได้ แต่ต้องล็อกอินก่อน ::
  ล็อกอิน

รายการสื่อสารสนเทศ

ลำดับที่ ประเภท เลขเรียก/บาร์โค้ด สถานที่ สถานะ
1. วิทยาศาสตร์การแพทย์ และสุขภาพ
หนังสือสำรอง
สถานะ=หนังสือสำรอง
WC100 ว237ค ฉ.1 
  Barcode: 031330
ห้องสมุดวิทยาเขตสวรรค์ประชารักษ์
►ส่วนจัดเก็บหนังสือเก่า สปร
บนชั้น
  ขอยืม
2. วิทยาศาสตร์การแพทย์ และสุขภาพ
วิทยาศาสตร์การแพทย์ และสุขภาพ
WC100 ว237ค ฉ.2 
  Barcode: 031331
ห้องสมุดวิทยาเขตสวรรค์ประชารักษ์
►ส่วนจัดเก็บหนังสือเก่า สปร
บนชั้น
  ขอยืม

รายการใกล้เคียง
    ผู้แต่ง [วรยา เหลืองอ่อน]

    หัวเรื่อง [ไข้หวัดใหญ่สายพันธุ์ใหม่]
    หัวเรื่อง [โรคติดเชื้อเอนเทอโรไวรัส71]
    หัวเรื่อง [โรคติดต่อมือเท้าปาก]
    หัวเรื่อง [โรคระบบทางเดินหายใจ]

BibComment


ยังไม่เคยถูกคอมเมนท์

คอมเมนท์ทรัพยากรรายการนี้
  คอมเมนท์: คู่มือการป้องกันค..


 Copyright 2026. Bcnsprnw @Library